| 000 | 00556cab a2200217 4500 | ||
|---|---|---|---|
| 001 | X1280 | ||
| 008 | 090401t1994 xxu||||| |||| 00| 0 eng d | ||
| 035 | _a(Sirsi) u15971 | ||
| 041 | _aeng | ||
| 245 | _aRICS sued over insurance bust up | ||
| 260 | _c1994 | ||
| 350 | _a0 | ||
| 490 |
_aBuilding _v259(7833) 4 March 1994, 7(1) |
||
| 650 | _aPROFESSIONAL INDEMNITY INSURANCE | ||
| 650 | _aPROFESSIONAL INDEMNITY INSURANCE | ||
| 650 | _aRICS INSURANCE SERVICES | ||
| 650 | _aRICS | ||
| 690 |
_aInsurance _96249 |
||
| 942 | _n0 | ||
| 948 | _c04/03/1997 | ||
| 999 |
_c10509 _d10509 |
||